Mujeres sin sombra (Record no. 15258)

MARC details
000 -LEADER
campo de control de longitud fija 00838nam a22002895i 4500
001 - NÚMERO DE CONTROL
campo de control 15258
003 - IDENTIFICADOR DE NÚMERO DE CONTROL
campo de control ES-MaACL
005 - FECHA Y HORA DE LA ÚLTIMA TRANSACCIÓN
campo de control 20250902232752.0
007 - CAMPO FIJO DE DESCRIPCIÓN FÍSICA--INFORMACIÓN GENERAL
campo de control de longitud fija t|
008 - DATOS DE LONGITUD FIJA--INFORMACIÓN GENERAL
campo de control de longitud fija 000210s1991 sp ||||0| spa
020 ## - NÚMERO INTERNACIONAL ESTÁNDAR DEL LIBRO
Número Internacional Estándar del Libro 84-323-0731-9
080 ## - NÚMERO DE LA CLASIFICACIÓN DECIMAL UNIVERSAL
Número de la Clasificación Decimal Universal 575.2.08
080 ## - NÚMERO DE LA CLASIFICACIÓN DECIMAL UNIVERSAL
Número de la Clasificación Decimal Universal 618.177
100 1# - ENTRADA PRINCIPAL--NOMBRE DE PERSONA
Nombre de persona Tubert, Silvia.
9 (RLIN) 111618
245 10 - MENCIÓN DEL TÍTULO
Título Mujeres sin sombra
Resto del título : maternidad y tecnología /
Mención de responsabilidad, etc. por Silvia Tubert.
250 ## - MENCION DE EDICION
Mención de edición 1ª ed.
260 ## - PUBLICACIÓN, DISTRIBUCIÓN, ETC.
Lugar de publicación, distribución, etc. Madrid :
Nombre del editor, distribuidor, etc. Siglo XXI de España,
Fecha de publicación, distribución, etc. 1991.
300 ## - DESCRIPCIÓN FÍSICA
Extensión XVII, 288 p. ;
Dimensiones 21 cm.
490 1# - MENCIÓN DE SERIE
Mención de serie Desigualdades y diferencias
500 ## - NOTA GENERAL
Nota general Indices.
504 ## - NOTA DE BIBLIOGRAFÍA, ETC.
Nota de bibliografía, etc. Bibliografía: p. [279]-284.
650 17 - PUNTO DE ACCESO ADICIONAL DE MATERIA--TÉRMINO DE MATERIA
Término de materia o nombre geográfico como elemento de entrada Ingeniería genética
Fuente del encabezamiento o término embne
9 (RLIN) 13775
650 14 - PUNTO DE ACCESO ADICIONAL DE MATERIA--TÉRMINO DE MATERIA
Término de materia o nombre geográfico como elemento de entrada Esterilidad.
9 (RLIN) 12534
830 1# - PUNTO DE ACCESO ADICIONAL DE SERIE-TÍTULO UNIFORME
Título uniforme Desigualdades y diferencias
9 (RLIN) 179897
852 ## - LOCALIZACIÓN
Ubicación ES-MaACL
Número de control de estantería L-22662
Holdings
Estatus retirado Estado de pérdida Estado de daño No para préstamo Biblioteca de origen Biblioteca actual Ubicación en estantería Fecha de adquisición Fuente de adquisición Total de préstamos Signatura topográfica completa Código de barras Visto por última vez Precio de reemplazo Tipo de ítem Koha
        Biblioteca del Ateneo de Madrid Biblioteca del Ateneo de Madrid Depósito 2 17/01/2008     L-22662 1015515 23/02/2023 23/02/2023 Libro impreso